书目信息 |
| 题名: |
林微因文集:建筑卷
|
|
| 作者: | 梁从诫 编 | |
| 分册: | ||
| 出版信息: | 天津 百花文艺出版社 1999.04 |
|
| 页数: | 481页 | |
| 开本: | 32开 | |
| 丛书名: | ||
| 单 册: | ||
| 中图分类: | TU-53 | |
| 科图分类: | ||
| 主题词: | 建筑学 | |
| 电子资源: | ||
| ISBN: | 7-5306-2770-8 | |
| 000 | 00551nam0 2200193 45 | |
| 001 | 0002291038 | |
| 005 | 20001106204429.8 | |
| 010 | @a7-5306-2770-8@d26.80元 | |
| 100 | @a20000229d1999 km y0chiy0120 ea | |
| 101 | @achi | |
| 105 | @a z 000yy | |
| 200 | 1 | @a林微因文集:建筑卷@ALin Wei Yin Wen Ji:Jian Zhu Juan@f梁从诫编@FLiang Cong Jie Bian |
| 210 | @a天津@c百花文艺出版社@d1999.04 | |
| 215 | @a481页@d32开 | |
| 606 | 0 | @a建筑学 |
| 690 | @aTU-53@v3 | |
| 701 | @a梁从诫@4编 | |
| 801 | @aCN@bPftUser@c20000229 | |
| 905 | @dTU-53@eL340@b210988-995@f8 | |
| 林微因文集:建筑卷/梁从诫编.-天津:百花文艺出版社,1999.04 |
| 481页;32开 |
| ISBN 7-5306-2770-8:26.80元 |
| ● |
| 相关链接 |
|
|
|
正题名:林微因文集:建筑卷
索取号:TU-53/L340
 
预约/预借
| 序号 | 登录号 | 条形码 | 馆藏地/架位号 | 状态 | 备注 |
| 1 | 210988 | 202109887 | 自科二线404/404自科库 3排5列3层/ [索取号:TU-53/L340] | 在馆 | |
| 2 | 210989 | 202109896 | 自科二线404/404自科库 23排1列3层/ [索取号:TU-53/L340] | 在馆 | |
| 3 | 210990 | 202109903 | 建筑库101/101建筑库 13排1列3层/ [索取号:TU-53/L340] | 在馆 | |
| 4 | 210991 | 202109912 | 自科二线404/404自科库 23排1列5层/ [索取号:TU-53/L340] | 在馆 | |
| 5 | 210992 | 202109921 | 建筑库101/101建筑库 13排1列3层/ [索取号:TU-53/L340] | 在馆 | |
| 6 | 210993 | 202109930 | 自科二线404/101建筑库 103排5列1层/ [索取号:TU-53/L340] | 在馆 | |
| 7 | 210994 | 202109949 | 自科二线404/404自科库 23排1列3层/ [索取号:TU-53/L340] | 在馆 | |
| 8 | 210995 | 202109958 | 建筑库101/101建筑库 103排5列1层/ [索取号:TU-53/L340] | 在馆 | |
| 9 | 48741 | 200487419 | 自科二线404/404自科库 22排6列5层/ [索取号:TU-53/L340] | 在馆 |